Statistics for Shanghai Metro Stations on a Map

Click here to take the quiz!

General Stats

  • This quiz has been taken 363 times
    (219 since last reset)
  • The average score is 122 of 451

Answers on the Map

Answers color-coded by a green-red scale on the quiz's map according to % correct below.
 

Answer Stats

LineAnswer% Correct
Line 2Pudong International Airport
64%
Line 1Shanghai Railway Station
62%
Line 1Xinzhuang
62%
Line 2Hongqiao Railway Station
61%
Line 1People's Square
61%
Line 2Lujiazui
60%
Line 1Xujiahui
60%
Line 1Shanghai South Railway
Station
58%
Line 2East Nanjing Road
55%
Line 2Longyang Road
54%
Line 2Century Avenue
52%
Line 1Changshu Road
52%
Line 2West Nanjing Road
52%
Line 1South Shaanxi Road
51%
Line 16Dishui Lake
50%
Line 2Jing'an Temple
50%
Line 1Fujin Road
49%
Line 1Jinjiang Park
49%
Line 2Zhongshan Park
49%
Line 2East Xujing
48%
Line 11 BranchHuaqiao
48%
Line 1South Huangpi Road
48%
Line 1Caobao Road
47%
Line 2Hongqiao Airport Terminal 2
47%
Line 10Xintiandi
47%
Line 21Zhangjiang
47%
Line 11Disney Resort
46%
Line 10Jiaotong University
46%
Chongming LineYu'an
46%
Line 2Shanghai Science and
Technology Museum
45%
Line 1Waihuan Road
45%
Line 4Damuqiao Road
44%
Line 1Hengshan Road
44%
Line 10Hongqiao Airport Terminal 1
44%
Line 8Laoximen
44%
Line 1Shanghai Indoor Stadium
44%
Line 3Yishan Road
44%
Line 1Lianhua Road
43%
Line 3Caoyang Road
42%
Line 3Hongqiao Road
42%
Line 2Jiangsu Road
42%
Line 11North Jiading
42%
Line 8Dashijie
41%
Line 4Hailun Road
41%
Line 1Hanzhong Road
41%
Line 3Jinshajiang Road
41%
Line 2Loushanguan Road
41%
Line 4 | Line 6Pudian Road
41%
Line 10Shanghai Library
41%
Line 4Shanghai Stadium
41%
Line 10Yuyuan Garden
41%
Line 2Century Park
40%
Line 9Madang Road
40%
Line 7Meilan Lake
40%
Line 3North Jiangyang Road
40%
Line 4South Xizang Road
40%
Line 1Gongfu Xincun
39%
Line 7Huamu Road
39%
Line 10Jilong Road
39%
Line 6Oriental Sports Center
39%
Line 10Shanghai Zoo
39%
Line 9Sheshan
39%
Line 9Songjiang South Railway Station
39%
Line 9Caolu
38%
Line 2Chuansha
38%
Line 9Dapuqiao
38%
Line 2Dongchang Road
38%
Line 10Hangzhong Road
38%
Line 11Shanghai West Railway Station
38%
Line 8Shendu Highway
38%
Line 3South Changjiang Road
38%
Line 3Baoshan Road
37%
Line 3Hongkou Football Stadium
37%
Line 8Shiguang Road
37%
Line 2Songhong Road
37%
Line 10Tiantong Road
37%
Line 3West Yan'an Road
37%
Line 10Wujiaochang
37%
Line 1Xinzha Road
37%
Line 2Beixinjing
36%
Line 5Fengxian Xincheng
36%
Line 6Gangcheng Road
36%
Line 2Guanglan Road
36%
Line 7Gucun Park
36%
Line 2Haitiansan Road
36%
Line 4Lancun Road
36%
Line 11Longhua
36%
Line 4Pudong Avenue
36%
Line 4Tangqiao
36%
Line 10Tongji University
36%
Line 2Weining Road
36%
Line 11West Jiading
36%
Line 7Zhaojiabang Road
36%
Line 4Dalian Road
35%
Line 5Dongchuan Road
35%
Line 18Fudan University
35%
Line 9Guilin Road
35%
Line 10Jiangwan Stadium
35%
Line 8Lujiabang Road
35%
Line 11Luoshan Road
35%
Line 11Nanxiang
35%
Line 1North Zhongshan Road
35%
Line 9Qibao
35%
Line 9Shangcheng Road
35%
Line 7Shanghai University
35%
Line 8Siping Road
35%
Line 9Xiaonanmen
35%
Line 10Xinjiangwancheng
35%
Line 4Yangshupu Road
35%
Line 2Zhangjiang High
Technology Park
35%
Line 4Dong'an Road
34%
Line 14Fengbang
34%
Line 2Jinke Road
34%
Line 4Luban Road
34%
Line 9Middle Yanggao Road
34%
Line 4Nanpu Bridge
34%
Line 2Tangzhen
34%
Line 3Zhenping Road
34%
Line 3Zhongtan Road
34%
Line 7Houtan
33%
Line 9Jiashan Road
33%
Line 9Jinhai Road
33%
Line 9Jiuting
33%
Line 9Lantian Road
33%
Line 2Lingkong Road
33%
Line 10North Sichuan Road
33%
Line 1Yanchang Road
33%
Line 2Yuandong Avenue
33%
Line 5Zhuanqiao
33%
Line 11 BranchAnting
32%
Line 5Chunshen Road
32%
Line 9Dongjing
32%
Line 1Hulan Road
32%
Line 3Longcao Road
32%
Line 13Middle Huaxia Road
32%
Line 12Qixin Road
32%
Line 1Shanghai Circus World
32%
Line 9Sijing
32%
Line 11Zhenru
32%
Line 9Zuibaichi Park
32%
Line 12Fuxing Island
31%
Line 1Gongkang Road
31%
Line 11 BranchGuangming Road
31%
Line 12Jiangpu Park
31%
Line 9Jinqiao
31%
Line 23Minhang Development Zone
31%
Line 1Pengpu Xincun
31%
Line 11Sanlin
31%
Line 3Shilong Road
31%
Line 16Shuyuan
31%
Line 3Tieli Road
31%
Line 1Wenshui Road
31%
Line 5Yindu Road
31%
Line 5Beiqiao
30%
Line 10Gaoqiao
30%
Line 10Guoquan Road
30%
Line 18Hangtou
30%
Line 16Huinan
30%
Line 11Jiading Xincheng
30%
Line 8Jiangpu Road
30%
Line 13Middle Huaihai Road
30%
Line 6Minsheng Road
30%
Line 8North Xizang Road
30%
Line 9Songjiang University Town
30%
Line 9Songjiang Xincheng
30%
Line 6West Gaoke Road
30%
Line 10Yili Road
30%
Line 17Zhujiajiao
30%
Line 1Bao'an Highway
29%
Line 7Changshou Road
29%
Line 3Chifeng Road
29%
Line 3Dongbaoxing Road
29%
Line 5Jiangchuan Road
29%
Line 11Malu
29%
Line 2Middle Chuangxin Road
29%
Line 7Middle Longhua Road
29%
Line 8Qufu Road
29%
Line 3Shuichan Road
29%
Line 10Shuicheng Road
29%
Line 10Songyuan Road
29%
Line 7South Yanggao Road
29%
Line 7Yaohua Road
29%
Line 10Youdian Xincun
29%
Line 11Yuqiao
29%
Line 10Ziteng Road
29%
Line 15Zizhu Hi-tech Park
29%
Line 11Baiyin Road
28%
Line 3Dabaishu
28%
Line 12Guilin Park
28%
Line 5Jinhai Lake
28%
Line 11Kangxin Highway
28%
Line 1Tonghe Xincun
28%
Line 3West Yingao Road
28%
Line 1West Youyi Road
28%
Line 3Youyi Road
28%
Line 8China Art Museum
27%
Line 2East Huaxia Road
27%
Line 16East Huinan
27%
Line 14Guiqiao Road
27%
Line 5Jianchuan Road
27%
Line 3Jiangwan Town
27%
Line 4Linping Road
27%
Line 10Longbai Xincun
27%
Line 11 BranchShanghai Circuit
27%
Line 11Shanghai Swimming Center
27%
Line 14South Pudong Road
27%
Line 12Tilanqiao
27%
Line 13Wuning Road
27%
Line 6Wuzhou Avenue
27%
Line 5Xidu
27%
Line 8Yangsi
27%
Line 9Caohejing Hi-Tech Park
26%
Line 3Caoxi Road
26%
Chongming LineChangxing Island
26%
Line 6Dongming Road
26%
Line 16East Zhoupu
26%
Line 9Fangdian Road
26%
Line 12Gudai Road
26%
Line 16Heshahangcheng
26%
Line 23Jinping Road
26%
Line 6Jufeng Road
26%
Line 16Lingang Avenue
26%
Line 6North Waigaoqiao Free Trade Zone
26%
Line 10Sanmen Road
26%
Line 9Songjiang Sports Center
26%
Line 5Wangyuan Road
26%
Line 23Wenjing Road
26%
Line 16Wild Animal Park
26%
Line 8Xiangyin Road
26%
Line 5Xiaotang
26%
Line 6Yunshan Road
26%
Line 3Zhanghuabang
26%
Line 7Changping Road
24%
Line 14Changyi Road
24%
Line 5East Huancheng Road
24%
Line 11East Sanlin
24%
Line 10East Yingao Road
24%
Line 7Fanghua Road
24%
Line 5Fengpu Avenue
24%
Line 6Hangjin Road
24%
Line 9Hechuan Road
24%
Line 15Hongbaoshi Road
24%
Line 8Jiangyue Road
24%
Line 7Jinxiu Road
24%
Line 13Jinyun Road
24%
Line 10Longxi Road
24%
Line 6Shanghai Children's Medical Center
24%
Line 6South Waigaoqiao Free Trade Zone
24%
Line 10West Gaoqiao
24%
Line 9Xingzhong Road
24%
Line 18Yingao Road
24%
Line 11 BranchZhaofeng Road
24%
Line 9Zhongchun Road
24%
Line 18Zhoupu
24%
Line 13Zhuguang Road
24%
Line 3Baoyang Road
23%
Line 7Changzhong Road
23%
Line 8Chengshan Road
23%
Line 13Daduhe Road
23%
Line 10Guofan Road
23%
Line 23Huaning Road
23%
Line 8Nenjiang Road
23%
Line 12North Yanggao Road
23%
Line 17Oriental Land
23%
Line 17Qingpu Xincheng
23%
Line 7Shangda Road
23%
Line 13Shibo Avenue
23%
Line 6South Lingyan Road
23%
Line 13West Jinshajiang Road
23%
Line 16Xinchang
23%
Line 11Xiuyan Road
23%
Line 13Zhangjiang Road
23%
Line 14Zhenxin Xincun
23%
Line 8Anshan Xincun
22%
Line 7Changqing Road
22%
Line 9Jinji Road
22%
Line 8Lingzhao Xincun
22%
Line 11Longyao Road
22%
Line 11Pusan Road
22%
Line 18Shanghai University of Finance and Economics
22%
Line 6Shangnan Road
22%
Line 3Songfa Road
22%
Line 11Taopu Xincun
22%
Line 6West Huaxia Road
22%
Line 15Wuzhong Road
22%
Line 6Yuanshen Stadium
22%
Line 6Beiyangjing Road
21%
Line 15Changfeng Park
21%
Line 7Dachang Town
21%
Line 18Danyang Road
21%
Line 17Dianshanhu Avenue
21%
Line 18Fangxin Road
21%
Line 12Hongmei Road
21%
Line 8Huangxing Park
21%
Line 8Huangxing Road
21%
Pujiang LineHuizhen Road
21%
Line 18Kangqiao
21%
Line 11Longde Road
21%
Line 8Middle Yanji Road
21%
Line 14Pudong Football Stadium
21%
Line 8Pujiang Town
21%
Line 11Qilianshan Road
21%
Line 8Quyang Road
21%
Pujiang LineSanlu Highway
21%
Line 3Songbin Road
21%
Line 9Taierzhuang Road
21%
Line 13World Expo Museum
21%
Line 18Xiasha
21%
Line 17Xujingbeicheng
21%
Line 11Yunjin Road
21%
Line 13Beicai
20%
Chongming LineChenjia Town
20%
Line 7Dahuasan Road
20%
Line 6Dongjing Road
20%
Line 12Donglan Road
20%
Line 11 BranchEast Changji Road
20%
Line 18Fushun Road
20%
Line 12Hongxin Road
20%
Line 12International Cruise Terminal
20%
Line 6Jinqiao Road
20%
Line 8Lianhang Road
20%
Line 9Minlei Road
20%
Line 18Pingliang Road
20%
Line 14Wuding Road
20%
Line 11Wuwei Road
20%
Line 18Yingchun Road
20%
Line 13Zhenbei Road
20%
Line 8Zhongxing Road
20%
Line 12Aiguo Road
19%
Line 6Deping Road
19%
Line 15East China University of Science and Technology
19%
Line 16East Hangtou
19%
Line 13Fengzhuang
19%
Line 12Hongcao Road
19%
Line 6Linyi Xincun
19%
Line 11Liziyuan
19%
Line 7Nanchen Road
19%
Line 10Shuangjiang Road
19%
Line 14Tongchuan Road
19%
Line 13Xianan Road
19%
Line 6Boxing Road
18%
Line 11Fengqiao Road
18%
Line 6Gaoqing Road
18%
Line 9Gutang Road
18%
Line 15Jinqiu Road
18%
Line 7Langao Road
18%
Line 7Liuhang
18%
Line 8Luheng Road
18%
Line 7Luonan Xincun
18%
Line 15Luoxiu Road
18%
Line 7Qihua Road
18%
Line 11 BranchShanghai Automobile City
18%
Line 13Shanghai Natural History Museum
18%
Line 12Shenjiang Road
18%
Line 13South Qilianshan Road
18%
Line 15West Huajing
18%
Line 6Wulian Road
18%
Line 15Yongde Road
18%
Line 15Yuanjiang Road
18%
Line 17Zhaoxiang
18%
Line 14Zhongning Road
18%
Line 6Zhouhai Road
18%
Line 18Beizhong Road
17%
Pujiang LineDongchengyi Road
17%
Line 15Gulang Road
17%
Line 13Lianxi Road
17%
Line 12Longchang Road
17%
Line 15Nanda Road
17%
Line 12Ningguo Road
17%
Line 7Panguang Road
17%
Line 15Shuangbai Road
17%
Line 15South Hongmei Road
17%
Line 17Xicen
17%
Line 7Xingzhi Road
17%
Line 14Yuanshen Road
17%
Line 13Zhongke Road
17%
Line 13Chenchun Road
16%
Line 11Chenxiang Road
16%
Line 13Jiangning Road
16%
Line 14Jiayi Road
16%
Line 12Jinjing Road
16%
Line 17Panlong Road
16%
Line 18South Jiangyang Road
16%
Line 7Xincun Road
16%
Line 13Xuelin Road
16%
Line 15Yaohong Road
16%
Line 15Zhumei Road
16%
Line 17Caoying Road
15%
Line 14Dingbian Road
15%
Line 12Donglu Road
15%
Chongming LineDongtan
15%
Line 15East Wuwei Road
15%
Line 15Fengxiang Road
15%
Line 14Huangyang Road
15%
Line 13Huapeng Road
15%
Line 17Huijin Road
15%
Line 17Middle Jiasong Road
15%
Pujiang LineMinrui Road
15%
Chongming LineNorth Lingkong Road
15%
Line 15Shujian Road
15%
Line 14Xiepu Road
15%
Line 7Yuntai Road
15%
Line 15Jingxi Road
14%
Line 14Jinyue Road
14%
Line 14Lexiu Road
14%
Line 2Panxiang Road
14%
Pujiang LinePuhang Road
14%
Line 18Shenmei Road
14%
Line 18Dakang Road
13%
Line 23Fanghe Road
13%
Line 18Fanrong Road
13%
Line 23Hujin Expressway
13%
Line 14Lintao Road
13%
Line 21Liuchen Road
13%
Line 23Longwu Road
13%
Line 17Xuying Road
13%
Line 14Zhenguang Road
13%
Line 13Fangle Road
12%
Line 18Hetao Road
12%
Line 15North Meiling Road
12%
Line 15Qi'an Road
12%
Line 23Shanghai Botanical Garden
12%
Line 18West Changjiang Road
12%
Line 13Yunle Road
12%
Chongming LineGaobao Road
11%
Line 21Tanghuang Road
11%
Line 23Chengjiang Road
10%
Line 21Gaosi Road
10%
Line 13Jile Road
10%
Line 11Yanyu Road
10%
Line 14Yunshun Road
10%
Line 18Aihui Road
9%
Line 23East Jiangchuan Road
9%
Line 23Huajing Road
9%
Line 13Jizhai Road
9%
Line 21Linghe Road
9%
Line 21South Shenjiang Road
9%
Line 23Xupu Bridge
9%
Line 21Longdong Avenue
8%
Line 23Longqi Road
8%
Line 23Longrui Road
8%
Line 23Mojiang Road
8%
Line 18Tongnan Road
8%
Line 23Jinglian Road
7%
Line 21Junmin Road
7%
Line 21Kangnan Road
7%
Line 23North Wujing
7%
Line 21Yunqiao Road
7%
Line 21Zhangheng Road
7%
Line 23Zilong Road
7%

Score Distribution

Percentile by Number Answered

Percent of People with Each Score

Your Score History

You have not taken this quiz since the last reset